| 000 | 00896nam a2200301 i 4500 | ||
|---|---|---|---|
| 001 | 91831 | ||
| 003 | ES-MaACL | ||
| 005 | 20250815165043.0 | ||
| 007 | t| | ||
| 008 | 050222s2004 sp ||||1| spa d | ||
| 020 | _a84-376-2135-6 | ||
| 080 | _a297:32 | ||
| 080 | _a297.17 | ||
| 080 | _a94(5/6:297)"19" | ||
| 100 | 1 |
_aFerro, Marc. _950595 |
|
| 245 | 1 | 3 |
_aEl conflicto del islam / _cMarc Ferro ; traducción de Dolores Mascarell. |
| 250 | _a1ª ed. | ||
| 260 |
_aMadrid : _bCátedra, _c2004. |
||
| 300 |
_a239 p. : _bil. ; _c21 cm. |
||
| 490 | 1 | _aHistoria. Serie menor | |
| 650 | 7 |
_aIslamismo y política _2embne _913915 |
|
| 650 | 4 |
_aIntegrismo musulmán. _913844 |
|
| 650 | 4 |
_aPaíses musulmanes- _xHistoria- _yS.XX. _915795 |
|
| 700 | 1 |
_aMascarell, Dolores. _978676 |
|
| 830 | 1 |
_aHistoria. Serie menor _9178513 |
|
| 852 |
_aES-MaACL _jL-28884 |
||
| 999 |
_c91831 _d91831 |
||